[Event "GER-chT U14 Girls"]
[Site "Dittrichshuette"]
[Date "2004.12.29"]
[Round "4.3"]
[White "Diefenbach, Theresa"]
[Black "Kroner, Sarah"]
[Result "1-0"]
[WhiteElo "1110"]
[BlackElo "826"]
[PlyCount "54"]
[EventDate "2004.12.27"]
[EventType "team"]
[EventRounds "6"]
[EventCountry "GER"]
[SourceTitle "EXT 2006"]
[Source "ChessBase"]
[SourceDate "2005.11.24"]
[SourceVersion "1"]
[SourceVersionDate "2005.11.24"]
[SourceQuality "1"]

1. e4 e5 2. f4 d6 3. Nf3 Nf6 4. Nc3 Nc6 5. Bc4 Be7 6. 0-0 0-0 7. d3 Be6 8. Bxe6 fxe6 9. Ng5 h6 10. Nxe6 Qe8 11. Nxf8 Qxf8 12. Be3 Qf7 13. Qf3 Nd4 14. Bxd4 exd4 15. Nd5 Nxd5 16. exd5 Re8 17. Rae1 Bf6 18. Rxe8+ Qxe8 19. Qe4 Qxe4 20. dxe4 d3 21. cxd3 Bxb2 22. Rb1 Bd4+ 23. Kf1 c6 24. dxc6 bxc6 25. e5 dxe5 26. fxe5 Kf7 27. Ke2 Ke6 1-0

[Event "GER-ch U12"]
[Site "Willingen"]
[Date "2004.05.30"]
[Round "2"]
[White "Wisheckel, Lena"]
[Black "Kroner, Sarah"]
[Result "1-0"]
[WhiteElo "1259"]
[BlackElo "889"]
[PlyCount "51"]
[EventDate "2004.06.??"]
[EventType "swiss"]
[EventRounds "11"]
[EventCountry "GER"]
[SourceTitle "EXT 2005"]
[Source "ChessBase"]
[SourceDate "2004.11.15"]
[SourceVersion "1"]
[SourceVersionDate "2004.11.15"]
[SourceQuality "1"]

1. e4 e5 2. Nf3 Nc6 3. Bb5 Bc5 4. Bxc6 bxc6 5. Nxe5 Ba6 6. d3 Qh4 7. 0-0 d6 8. Nf3 Qg4 9. Ng5 Qxd1 10. Rxd1 h6 11. Nf3 h5 12. Nc3 d5 13. exd5 Ne7 14. Re1 h4 15. h3 Kf8 16. dxc6 Nxc6 17. Bg5 Bc8 18. Bxh4 Rh6 19. Bg3 Rg6 20. Kf1 Bd4 21. Bxc7 Rb8 22. Bxb8 Bb7 23. Be5 Bxe5 24. Nxe5 Nb4 25. Nxg6+ fxg6 26. Re2 1-0